| 000 | 00364nam a22001217a 4500 | ||
|---|---|---|---|
| 020 | _a0821300776 | ||
| 082 |
_a333.910091724 _bGLE _cD |
||
| 245 |
_aA model for the development of a self help water supply program _cGlennie, Colin |
||
| 260 |
_aWashington _bThe world bank _c1982 |
||
| 526 |
_a0 _b0 _c0 _d333_910091724000000_GLE |
||
| 650 |
_aD _96527 |
||
| 942 |
_2ddc _cBK |
||
| 999 |
_c541975 _d541975 |
||